El túnel / (Record no. 187829)

MARC details
000 -CABECERA
campo de control de longitud fija 00663nam a2200229 u 4500
005 - FECHA Y HORA DE LA ÚLTIMA TRANSACCIÓN
campo de control 20220622063445.0
008 - ELEMENTOS DE LONGITUD FIJA--INFORMACIÓN GENERAL
campo de control de longitud fija 170201s1985 r 000 0 eng d
020 ## - NÚMERO INTERNACIONAL NORMALIZADO PARA LIBROS
Número Internacional Estándar del Libro 9682202264
035 ## - NÚMERO DE CONTROL DEL SISTEMA
Número de control de sistema UPN01000215729
049 ## - COLECCIÓN
Colección CG
050 #4 - SIGNATURA TOPOGRÁFICA DE LA BIBLIOTECA DEL CONGRESO
Número de clasificación PQ7797 S2.14
Número de documento/Ítem T8c
100 1# - ASIENTO PRINCIPAL--NOMBRE PERSONAL
Nombre de persona Sábato, Ernesto,
Fechas asociadas al nombre 1911-2011
9 (RLIN) 28029
245 13 - MENCIÓN DE TÍTULO
Título El túnel /
Mención de responsabilidad, etc. Ernesto Sabato.
260 ## - PUBLICACIÓN, DISTRIBUCIÓN, ETC.
Lugar de publicación, distribución, etc. México :
Nombre del editor, distribuidor, etc. Origen :
-- Planeta,
Fecha de publicación, distribución, etc. c1985.
300 ## - DESCRIPCIÓN FÍSICA
Extensión 137 p.
440 #0 - MENCIÓN DE SERIE/ASIENTO SECUNDARIO--TÍTULO
Título Literatura contemporánea seix barral ;
Designación de volumen o secuencia 36
650 #0 - ASIENTO SECUNDARIO DE MATERIA - TERMINO TEMATICO
Término de materia o nombre geográfico como elemento de entrada Novela argentina
9 (RLIN) 5078
650 #4 - ASIENTO SECUNDARIO DE MATERIA - TERMINO TEMATICO
Término de materia o nombre geográfico como elemento de entrada ASESINATO EN LA LITERATURA
9 (RLIN) 2194
650 #4 - ASIENTO SECUNDARIO DE MATERIA - TERMINO TEMATICO
Término de materia o nombre geográfico como elemento de entrada LITERATURA ARGENTINA
9 (RLIN) 5070
905 ## - TIPO DE MATERIAL
Tipo de material Libro
Holdings
Estado de retiro Estado de pérdida Fuente del sistema de clasificación o colocación Estado dañado No para préstamo Código de colección Localización permanente Ubicación/localización actual Ubicación en estantería Fecha de adquisición Total de préstamos Clasificación Código de barras Fecha visto por última vez Fecha del último préstamo Número de copia Tipo de ítem Koha
    Library of Congress Classification     Colección General Bib. Gregorio Torres Quintero Bib. Gregorio Torres Quintero Planta baja 19/08/2022 7 PQ7797 S2.14 T8c 315912 17/04/2026 24/03/2026 1 Libro